000 01029nam a2200253 a 4500
001 BRCA_1138
005 20190320203310.0
008 910812s1990 mx-a---##b---s001-0#spa-#
020 _a9686258124
040 _aDLC
_cDLC
_dDLC
050 4 _aNA5257.G9
_b.S26 1990
245 1 0 _aSanta Prisca restaurada
_cRené Taylor ... [et al.] ; introducción, Javier Wimer.
260 _a[Guerrero] México
_bGobierno Constitucional del Estado de Guerrero
_c1990.
300 _a255 p.
_bil. (algunas a color)
_c33 cm.
500 _aIncluye índice onomástico y apéndice documental
610 2 4 _aSanta Prisca (Iglesia : Taxco de Alarcón, México)
_93740
650 1 4 _aArquitectura barroca
_xConservación y restauración
_zMéxico
_93741
650 1 4 _aIglesias
_xDecoración y ornamentación
_zMéxico
_925
650 1 4 _aIglesias
_xConservación y restauración
_zMéxico
_93742
651 4 _aTaxco de Alarcón (México)
_xEdificios, estructuras, etc.
_93743
700 1 _aTaylor, René
_926
700 1 _aWimer, Javier
_93744
942 _2lcc
_cB
999 _c1015
_d1015